000
00316 a2200109 4500
000
nam a22 7a 4500
005
20260206171219.0
100
_a
Zhang, Xiao-Lei
_9
1114306
245
_a
Speech Signal Processing Based on Deep Learning in Complex Acoustic Environments
260
_b
Elsevier
_c
2025
942
_c
TEXL
999
_c
1678852
_d
1678852